000 01019nam a2200313Ia 4500
001 B4485
003 IT-RoPAU
008 130308s9999 xx 000 0 und d
040 _aIT-RoPAU
040 _cIT-RoPAU
041 _aINGLESE
100 _aAA.VV.
100 _gCodice Aut. SPICS: 12000
245 _aCulture and Power-A Media, Culture & Society Reader
245 _bCulture And Power-A Media, Culture & Society Reader
250 _a1a ed.
260 _aLONDON
260 _bSage Publications B.H.
260 _c1992 [1° Ed.:1992 - Ed.Ling.Originale:1992]
300 _a"368 p. (prefazione: 10; testo: 358 [pagine: 0-0])"
500 _aCultura e Potere. Audience e Vita Quotidiana. Media e Vita Pubblica. contributi di Autori vari dei Quali si Danno Anche brevi Note Biografiche. Introduzione dei Curatori.
650 _aSOCIOLOGIA
650 _eCodice materia Spics: 3651
700 _aScannell Paddy
700 _gCodice Aut. SPICS: 17304
942 _cBK
957 _71
999 _c88616
_d88616
999 _g1